transcription les bases - Statistiques

Statistiques générales
  • Ce quiz a été pris 17 fois
  • Le résultat moyen est 4 sur 12
Statistiques - réponses
Hint Réponse % Correct
Produit une copie d’ADN en ARN
60%
Traduction d’ARN en protéine Traduction
60%
Transcription (“copie”) d’ADN en ARN Transcription
60%
l' elongation
40%
les trois étapes de la transcription sont l' initiation
40%
Copie d’ADN en ADN Réplication
40%
et la terminaison
40%
Synthèse d’ARN par l’ARN polymérase : Vitesse: """""" nucléotides/seconde 20/40
20%
grace a une liaison de l' ARN polymérase
20%
ka transcription comment au promoteur
0%
sur le """" """""" de la transcription (TSS) site d'initiation
0%
elle se Finit au terminateur
0%
Aucun quiz correspondant
Distribution des résultats
% des personnes avec chaque résultat
Percentile par nombre de réponses
Votre historique - résultats
Vous n’avez pas pris ce quiz